| 000 | 00500nam a22001937a 4500 | ||
|---|---|---|---|
| 999 |
_c6944 _d6944 |
||
| 003 | OSt | ||
| 005 | 20210517091829.0 | ||
| 008 | 210517b ||||| |||| 00| 0 eng d | ||
| 020 | _a9781475773170 | ||
| 040 | _cDDC | ||
| 082 | _a175 LOU 2000 | ||
| 100 |
_aLoue,Sana _914246 |
||
| 245 |
_aExtbook of Research Ethics: _bTheory and Practice |
||
| 260 |
_aNew York: _bSpringer Science; _c2000 |
||
| 300 |
_axvii,255p; _c22cm. |
||
| 504 | _aIncludes Index. | ||
| 650 |
_aEthics _91778 |
||
| 942 |
_2ddc _cBOOK |
||